| 000 | 04878nam a22005057a 4500 | ||
|---|---|---|---|
| 005 | 20110628115717.0 | ||
| 010 | _aENG-102682 B-454705-724 | ||
| 020 |
_c695.00 _a9780415678360 |
||
| 035 | _aEN-86215 B-454705-724 | ||
| 037 | _bDBAD / PUB | ||
| 037 | _bBlue Berry/Ven | ||
| 082 | _a793.3195 | ||
| 245 |
_aSharing identities : _cedited by Mohd.Anis Md Nor [and] Stephanie Burridge _bcelebrating dance in Malaysia / |
||
| 260 |
_aNew Delhi _bRoutledge _c2011 |
||
| 270 |
_a912-915 Tolstoy House, 15-17 Tolstoy Marg _bNew Delhi _e110001 |
||
| 300 |
_axxvi, 279 p. : _c23cm (Hb) _bill. |
||
| 490 |
_aCelebrating dance in Asia and the Pacific ; edited by Stephanie Burridge _950658 |
||
| 500 | _aIncludes index | ||
| 700 |
_928520 _aMohd.Anis Md Nor |
||
| 700 |
_aBurridge, Stephanie _928904 |
||
| 710 | _928535 | ||
| 942 |
_2ddc _cEN _mSHA _h793.3195 |
||
| 999 |
_c53303 _d53303 |
||